000 00725cam a22002657a 4500
003 CHAP
005 20220817042854.0
008 971013s1967 r 00010 d
010 _a58436
011 _a59408
035 _a63566
040 _cCHAP
090 _aFolleto 4128
100 0 0 _aSuberbie Mendiola, Felipe.
_9110142
245 1 4 _aThe malt industry and barley in México
260 _aMéxico :
_b(s.e.),
_c1967
300 _a(s.p.)
_b: ilus.
590 _aBATCH-UPD
_b10
_c20130110
_lUCH01
_h0811
590 _aCONVERSION
_b10
_c20130109
_lUCH01
_h1331
650 1 4 _aCebada maltera.
650 1 4 _aMalta.
_970202
901 _aBK
942 _cFOLL
949 _aFolleto 4128
_bBC
_cFOLL
_d-136685
_eTS1
_i63566
_mD
_si
999 _c58436
_d58436